| 000 | 00718nam a2200229 a 4500 | ||
|---|---|---|---|
| 005 | 20140310183437.0 | ||
| 008 | 080205s19uu xx 00 eng d | ||
| 020 | _a9780071106283 | ||
| 050 |
_aHD 30.4 _b.B355 2008 |
||
| 100 | _aBaldwin, Timothy T. | ||
| 245 |
_aDeveloping management skills : _bwhat great managers know and do. _cTimothy T. Baldwin |
||
| 260 |
_aBoston : _bMcGraw-Hill Irwin, _c2008. |
||
| 300 |
_a411 p. : _bill. (some col.) ; _c28 cm. |
||
| 500 | _aInclude index. | ||
| 521 | _aBSBA | ||
| 650 |
_aManagement _xStudy and teaching. |
||
| 650 |
_aManagement _xProblems, exercises, etc. |
||
| 700 | _aBommer, William H. | ||
| 700 | _aRubin, Robert S. | ||
| 942 |
_cBK _2lcc _kFOR |
||
| 999 |
_c22956 _d22956 |
||